000 00552cam a22001457a 4500
008 180718b1992 xxu||||| |||| 00| 0 eng d
082 _aL9 Un3f
100 _aUnited Nations. Technical Cooperation for Development
245 _aForeign aid accountability perspectives of donors and recipients report of the ninth United Nations/INTOSAI expert group meeting on government auditing (12 to 21 Sep. 1990, Vienna)
260 _aNew York
_bThe Author
_c1992
300 _a200p.
650 _aEconomic Assistance
650 _aAccounting
650 _aAuditng
999 _c475596
_d475596